Planning for recovery: papers from a conference held at Oxford, September 1993, organised by the Bar Council, the Law Society and the Royal Institution of Chartered Surveyors. (Record no. 91964)
[ view plain ]
| 000 -LEADER | |
|---|---|
| fixed length control field | 01679cam a2200325 4500 |
| 001 - CONTROL NUMBER | |
| control field | J1988 |
| 008 - FIXED-LENGTH DATA ELEMENTS--GENERAL INFORMATION | |
| fixed length control field | 090401t1993 xxu||||| |||| 00| 0 eng d |
| 035 ## - SYSTEM CONTROL NUMBER | |
| System control number | (Sirsi) u46638 |
| 041 ## - LANGUAGE CODE | |
| Language code of text/sound track or separate title | eng |
| 050 ## - LIBRARY OF CONGRESS CALL NUMBER | |
| Classification number | 711.1 |
| 110 ## - MAIN ENTRY--CORPORATE NAME | |
| Corporate name or jurisdiction name as entry element | Journal of Planning and Environment Law |
| 9 (RLIN) | 2913 |
| 245 ## - TITLE STATEMENT | |
| Title | Planning for recovery: papers from a conference held at Oxford, September 1993, organised by the Bar Council, the Law Society and the Royal Institution of Chartered Surveyors. |
| 260 ## - PUBLICATION, DISTRIBUTION, ETC. | |
| Place of publication, distribution, etc. | London |
| Name of publisher, distributor, etc. | Sweet & Maxwell |
| Date of publication, distribution, etc. | 1993 |
| 300 ## - PHYSICAL DESCRIPTION | |
| Extent | ii,118p. : ill. ; 25cm. |
| 350 ## - PRICE (NR) (BK AM CF MU VM SE) [OBSOLETE] | |
| Price | 0 |
| 490 ## - SERIES STATEMENT | |
| Series statement | Journal of Planning and Environment Law Occasional Paper |
| Volume/sequential designation | 21 |
| 520 ## - SUMMARY, ETC. | |
| Summary, etc. | PAPER: - Urban regeneration/ WALSHE, J. - Vacant urban land: its ownership and value unlocking the potential/ ROYAL INSTITUTION OF CHARTERED SURVEYORS - Transport infrastructure/ BRADSHAW, B. - The enabling council/ EAMES, R. - Commercial viability in planning: a lawyer`s view/ ROBINSON, P. - Commercial viability in planning: a practitioner`s view/ BULLOCK, H. - A retrospect: planning inquiries/ LAYFIELD, F. - A retrospect: some reminiscences on turning points in our planning history/ LICHFIELD, N. - A retrospect: high peaks and watersheds in the continuing saga of land planning control/ HEAP, D. - Review and summary/ ALESBURY, A. |
| 650 ## - SUBJECT ADDED ENTRY--TOPICAL TERM | |
| Topical term or geographic name entry element | BAR COUNCIL |
| 650 ## - SUBJECT ADDED ENTRY--TOPICAL TERM | |
| Topical term or geographic name entry element | LAW SOCIETY |
| 650 ## - SUBJECT ADDED ENTRY--TOPICAL TERM | |
| Topical term or geographic name entry element | PLANNING CONTROL |
| 650 ## - SUBJECT ADDED ENTRY--TOPICAL TERM | |
| Topical term or geographic name entry element | PLANNING FOR RECOVERY |
| 650 ## - SUBJECT ADDED ENTRY--TOPICAL TERM | |
| Topical term or geographic name entry element | PLANNING INQUIRIES |
| 650 ## - SUBJECT ADDED ENTRY--TOPICAL TERM | |
| Topical term or geographic name entry element | RICS |
| 650 ## - SUBJECT ADDED ENTRY--TOPICAL TERM | |
| Topical term or geographic name entry element | ROYAL INSTITUTION OF CHARTERED SURVEYORS |
| 650 ## - SUBJECT ADDED ENTRY--TOPICAL TERM | |
| Topical term or geographic name entry element | URBAN REGENERATION |
| 650 ## - SUBJECT ADDED ENTRY--TOPICAL TERM | |
| Topical term or geographic name entry element | VACANT LAND |
| 690 ## - LOCAL SUBJECT ADDED ENTRY--TOPICAL TERM (OCLC, RLIN) | |
| Topical term or geographic name as entry element | PLANNING LAW AND PRACTICE |
| 942 ## - ADDED ENTRY ELEMENTS (KOHA) | |
| Suppress in OPAC | 0 |
| 948 ## - LOCAL PROCESSING INFORMATION (OCLC); SERIES PART DESIGNATOR (RLIN) | |
| c (OCLC) | 04/03/1997 |
| Withdrawn status | Lost status | Source of classification or shelving scheme | Damaged status | Not for loan | Home library | Current library | Shelving location | Date acquired | Total Checkouts | Full call number | Barcode | Date last seen | Date last checked out | Copy number | Price effective from | Koha item type |
|---|---|---|---|---|---|---|---|---|---|---|---|---|---|---|---|---|
| Dewey Decimal Classification | London | London | Basement | 14/01/1994 | 1 | BASEMENT | 30040503 | 06/08/2019 | 28/02/2003 | 1 | 06/08/2019 | Book |